书目信息 |
| 题名: |
大学英语四级710分考试一本通
|
|
| 作者: | 方振宇 主编 | |
| 分册: | ||
| 出版信息: | 北京 中国水利水电出版社 2010.10 |
|
| 页数: | 548页 | |
| 开本: | 26cm | |
| 丛书名: | ||
| 单 册: | ||
| 中图分类: | H310.42 | |
| 科图分类: | ||
| 主题词: | 英语--高等学校--自学参考资料 , 英语 | |
| 电子资源: | ||
| ISBN: | 978-7-5084-8003-9 | |
| 000 | 00893nam0 2200253 450 | |
| 001 | 1140574820 | |
| 005 | 20111219140509.64 | |
| 010 | @a978-7-5084-8003-9@dCNY48.00 | |
| 090 | @aH31@bfzy | |
| 096 | @aH31@bfzy | |
| 100 | @a20110121d2010 em y0chiy50 ea | |
| 101 | 0 | @achi@aeng |
| 102 | @aCN@b110000 | |
| 105 | @ay z 000yy | |
| 200 | 1 | @a大学英语四级710分考试一本通@b专著@f方振宇主编@9da xue ying yu si ji 710 fen kao shi yi ben tong |
| 210 | @a北京@c中国水利水电出版社@d2010.10 | |
| 215 | @a548页@d26cm | |
| 330 | @a本书涵盖了大学英语四级新大纲的所有题型,着重点拨应试技巧与策略,设有高分全攻略、真题选析、专项训练等项目,并附有三套真题和两套模拟试题。 | |
| 606 | 0 | @a英语@x高等学校@j自学参考资料 |
| 606 | 0 | @a英语 |
| 690 | @aH310.42@v4 | |
| 701 | 0 | @a方振宇@c(英语)@4主编@9fang zhen yu |
| 801 | 0 | @aCN@b大连网信软件有限公司图书馆·11@c20111219 |
| 905 | @aZUCC@dH310.42@eF2781 | |
| 大学英语四级710分考试一本通/方振宇主编.-北京:中国水利水电出版社,2010.10 |
| 548页;26cm |
| ISBN 978-7-5084-8003-9:CNY48.00 |
| 本书涵盖了大学英语四级新大纲的所有题型,着重点拨应试技巧与策略,设有高分全攻略、真题选析、专项训练等项目,并附有三套真题和两套模拟试题。 |
| ● |
| 相关链接 |
|
|
|
正题名:大学英语四级710分考试一本通
索取号:H310.42/F2781
 
预约/预借
| 序号 | 登录号 | 条形码 | 馆藏地/架位号 | 状态 | 备注 |
| 1 | 843363 | 208433630 | 语言库209/ [索取号:H310.42/F2781] | 在馆 | |
| 2 | 843364 | 208433649 | 语言库209/209语言库 96排2列2层/ [索取号:H310.42/F2781] | 在馆 | |
| 3 | 843455 | 208434559 | 语言库209/209语言库 96排2列2层/ [索取号:H310.42/F2781] | 在馆 |